[Event "Cto Equipos Aragón 2012 Div H. Titulo"]
[Site "Aragon"]
[Date "2012.04.14"]
[Round "10.13"]
[White "Colas Longares Rafael P"]
[Black "Gavin Roche Enrique"]
[Result "1-0"]
[WhiteElo "2321"]
[BlackElo "2253"]

1.e4 e6 2.d3 d5 3.Nd2 c5 4.Ngf3 Nc6 5.g3 g6 6.Bg2 Bg7 7.O-O Nge7 8.Re1 h6 9.
exd5 exd5 10.Nb3 b6 11.c3 O-O 12.d4 c4 13.Nbd2 Bf5 14.Ne5 b5 15.a4 Nxe5 16.
dxe5 Nc6 17.Nf3 Bg4 18.Bf4 b4 19.Qd2 g5 20.Be3 Bxf3 21.Bxf3 Nxe5 22.Bxd5 Nd3
23.Bxa8 bxc3 24.bxc3 Nxe1 25.Bd5 Qa5 26.Rxe1 Bxc3 27.Qc2 1-0

[Event "Cto Equipos Aragón 2012 Div H. Titulo"]
[Site "Aragon"]
[Date "2012.04.14"]
[Round "10.14"]
[White "Laliena Solanes Luis"]
[Black "Trigo Conde Isaac"]
[Result "0-1"]
[WhiteElo "2181"]
[BlackElo "2273"]

1.d4 Nf6 2.Nf3 g6 3.c4 Bg7 4.Nc3 O-O 5.e4 d6 6.Be2 e5 7.O-O Nc6 8.d5 Ne7 9.Ne1
Nd7 10.f3 f5 11.Be3 f4 12.Bf2 g5 13.a4 a5 14.Nd3 b6 15.b4 axb4 16.Nxb4 Nf6 17.
Nd3 Rf7 18.a5 bxa5 19.Ra3 Bf8 20.Be1 Rg7 21.Nf2 Kh8 22.Qa1 g4 23.fxg4 Nxg4 24.
Nxg4 Bxg4 25.Bxg4 Rxg4 26.Nb5 a4 27.h3 Rg7 28.Bh4 Kg8 29.Rxa4 Rxa4 30.Qxa4 Qd7
31.Rf3 Ng6 32.Be1 Nh8 33.Qa8 Nf7 34.Bh4 Ng5 35.Bxg5 Rxg5 36.Qa7 Rg7 37.Qa8 Qf7
38.Qc8 Qg6 39.Qe6+ Qxe6 40.dxe6 c6 41.e7 Bxe7 42.Nc3 Kf7 43.Kf2 Ke6 44.Rd3 Bd8
45.c5 Bh4+ 46.Kf1 dxc5 47.Na4 Be7 48.Rc3 h5 49.Nxc5+ Bxc5 50.Rxc5 Kd6 51.Ra5
Rg3 52.Ra8 f3 53.gxf3 Rxf3+ 54.Ke2 Rxh3 55.Re8 h4 56.Kf2 Ra3 57.Kg2 Re3 0-1

[Event "Cto Equipos Aragón 2012 Div H. Titulo"]
[Site "Aragon"]
[Date "2012.04.14"]
[Round "10.15"]
[White "Cabrera Moreno Daniel"]
[Black "Latorre Abad Fernando"]
[Result "1/2-1/2"]
[WhiteElo "2191"]
[BlackElo "2100"]

1.d4 e6 2.e4 c5 3.Nf3 cxd4 4.Nxd4 a6 5.Nc3 Qc7 6.g3 Nf6 7.Bg2 d6 8.O-O Be7 9.
Be3 Bd7 10.Qe2 Nc6 11.f4 O-O 12.Rad1 Rac8 13.a3 Nxd4 14.Bxd4 e5 15.Be3 Be6 16.
Rfe1 1/2-1/2

[Event "Cto Equipos Aragón 2012 Div H. Titulo"]
[Site "Aragon"]
[Date "2012.04.14"]
[Round "10.16"]
[White "Cobo Garrido Diego Israel"]
[Black "Garcia Vicente Nieves"]
[Result "1/2-1/2"]
[WhiteElo "2049"]
[BlackElo "2198"]

1.e4 e5 2.Nf3 Nc6 3.Bb5 Nf6 4.O-O Nxe4 5.Re1 Nd6 6.Nxe5 Be7 7.Bf1 O-O 8.d4 Nf5
9.d5 Nxe5 10.Rxe5 d6 11.Re1 Bd7 12.Nd2 Bg5 13.Nf3 Bxc1 14.Qxc1 Qf6 15.c3 Ne7
16.Qd2 Rfe8 17.Ng5 Ng6 18.Ne4 Qf4 19.Qxf4 Nxf4 20.c4 Re5 21.Nd2 Rae8 22.Rxe5
Rxe5 23.Nf3 Re7 24.Re1 Kf8 25.g3 Nh3+ 26.Bxh3 Bxh3 27.Rxe7 Kxe7 28.Nd4 a6 29.
f3 h5 30.Kf2 Kf6 31.f4 Bd7 32.Ke3 Bh3 33.Kf2 Ke7 34.a4 a5 35.Nb3 b6 36.Nd4
1/2-1/2

[Event "Cto Equipos Aragón 2012 Div H. Descenso"]
[Site "Aragon"]
[Date "2012.04.14"]
[Round "10.17"]
[White "Villuendas Valero Adrian"]
[Black "Hefty Hilardo Jorge W"]
[Result "1/2-1/2"]
[WhiteElo "2287"]
[BlackElo "2329"]

1.d4 d5 2.Bf4 Nf6 3.e3 c5 4.c3 Nc6 5.Nd2 e6 6.Ngf3 Bd6 7.Bg3 Qe7 8.Ne5 Bxe5 9.
dxe5 Nd7 10.Nf3 f6 11.exf6 Nxf6 12.Bb5 Bd7 13.O-O O-O 14.Bh4 Be8 15.Bxc6 Bxc6
16.Ne5 Qe8 17.f3 Nd7 18.Bg3 Rf5 19.Nxc6 bxc6 20.e4 Rf6 21.Re1 Qc8 22.Qb3 Qa6
23.a4 Rg6 24.Rad1 Qb6 25.Qa3 Rf8 26.a5 Qb5 27.b3 Rf7 28.Qa2 Qa6 29.Qa4 h6 30.
Kh1 Kh7 31.exd5 cxd5 32.c4 d4 33.Qb5 Qc8 34.b4 Rf5 35.Qa4 Qb7 36.Qb5 Qc8 37.
Qa4 Qb7 38.Qb5 Qc8 39.Qa4 1/2-1/2

[Event "Cto Equipos Aragón 2012 Div H. Descenso"]
[Site "Aragon"]
[Date "2012.04.14"]
[Round "10.18"]
[White "Martinez Cebolla Alberto"]
[Black "Colom Sienes Eduardo"]
[Result "0-1"]
[WhiteElo "2081"]
[BlackElo "2032"]

1.e4 e6 2.d4 d5 3.Nd2 Be7 4.c3 c5 5.exd5 Qxd5 6.Ngf3 cxd4 7.Nxd4 Nf6 8.N2f3
O-O 9.Be2 a6 10.O-O Rd8 11.Qc2 e5 12.Nf5 Bc5 13.Rd1 Qxd1+ 14.Bxd1 Bxf5 15.Qe2
Ng4 16.Be3 Nxe3 17.fxe3 Rd3 18.Nd4 exd4 19.exd4 Bxd4+ 20.cxd4 Nc6 21.Bc2 Nxd4
22.Qf2 Nxc2 23.Qxf5 Rd2 24.Rc1 Re8 25.h3 Rxg2+ 26.Kh1 g6 27.Qd7 Ree2 28.Rxc2
Rxc2 29.Qe8+ Kg7 30.Qe5+ f6 31.Qe7+ Kh6 32.Qxf6 Rh2+ 33.Kg1 Rcg2+ 34.Kf1 Rf2+
35.Qxf2 Rxf2+ 36.Kxf2 Kg5 37.Kg3 h5 0-1

[Event "Cto Equipos Aragón 2012 Div H. Descenso"]
[Site "Aragon"]
[Date "2012.04.14"]
[Round "10.19"]
[White "Sanmartin Agustin Alvaro"]
[Black "Garcia Monterde Francisco Jose"]
[Result "1-0"]
[WhiteElo "2026"]
[BlackElo "2013"]

1.e4 c5 2.b4 b6 3.bxc5 bxc5 4.Nf3 Nc6 5.Bc4 e6 6.Nc3 Nf6 7.O-O Be7 8.Re1 d6 9.
e5 Ng4 10.Bb5 Bb7 11.exd6 Bxd6 12.Ne4 Be7 13.Bb2 Nf6 14.a4 O-O 15.Nxf6+ Bxf6
16.Bxf6 gxf6 17.Ra3 Qc7 18.Bxc6 Bxc6 19.Nh4 Kh8 20.Qh5 Rg8 21.Qh6 Qd8 22.Rh3
Rg7 23.d3 f5 24.Nxf5 Rxg2+ 25.Kf1 Qg8 26.Qf6+ Rg7 27.Qxg7+ Qxg7 28.Nxg7 Kxg7
29.Re5 c4 30.Rg5+ Kf6 31.Rc5 Bxa4 32.Rxc4 Bb5 33.Rf4+ Ke7 34.Rxh7 Be8 35.Rb4
a5 36.Rb7+ Kf6 37.Rh6+ Ke5 38.Rh8 Kf6 39.Rg8 a4 40.Rb2 Ke7 41.h4 Ra5 42.Rg5
Ra8 43.h5 f6 44.Rg7+ Kf8 45.h6 Bc6 46.Rc7 a3 47.h7 1-0

[Event "Cto Equipos Aragón 2012 Div H. Descenso"]
[Site "Aragon"]
[Date "2012.04.14"]
[Round "10.20"]
[White "Jimenez Fernandez Alejandro"]
[Black "Sacristan Latorre Alberto"]
[Result "1-0"]
[WhiteElo "1980"]
[BlackElo "1989"]

1.d4 Nf6 2.c4 g6 3.Nc3 Bg7 4.e4 d6 5.Nf3 O-O 6.Be2 e5 7.Be3 Nbd7 8.d5 a5 9.Nd2
Ne8 10.a3 f5 11.f3 Bh6 12.Bf2 Nc5 13.Nb3 Nxb3 14.Qxb3 Qg5 15.O-O f4 16.Rfd1 b6
17.Qc2 Nf6 18.b4 Nh5 19.c5 axb4 20.axb4 Bh3 21.Bf1 bxc5 22.bxc5 Rfc8 23.Kh1
Bd7 24.c6 Be8 25.Ba6 Rcb8 26.Bb7 Rxa1 27.Rxa1 Bf7 28.Nb5 Qe7 29.Bb6 Ng3+ 30.
Kg1 Re8 31.Nxc7 Rf8 32.Ne6 Bxe6 33.dxe6 Qxe6 34.c7 Rc8 35.Bd5 1-0

[Event "Cto Equipos Aragón 2012 Div H. Descenso"]
[Site "Aragon"]
[Date "2012.04.14"]
[Round "10.25"]
[White "Martinez Catalan Fco  Javier"]
[Black "Lamas Mercadal Manuel"]
[Result "1-0"]
[WhiteElo "2245"]
[BlackElo "2202"]

1.e4 b6 2.d4 Bb7 3.Bd3 e6 4.Nf3 c5 5.c3 Nf6 6.Qe2 Be7 7.O-O Nc6 8.a3 cxd4 9.
cxd4 O-O 10.Nc3 d6 11.Rd1 Re8 12.e5 Nd7 13.Qe4 Nf8 14.Qg4 Ng6 15.Be4 Qb8 16.h4
dxe5 17.h5 f5 18.Qh3 Nf8 19.Bxc6 Bxc6 20.Nxe5 Qb7 21.Nxc6 Qxc6 22.d5 exd5 23.
Nxd5 Bc5 24.Qxf5 Re2 25.Be3 Bxe3 26.Ne7+ 1-0

[Event "Cto Equipos Aragón 2012 Div H. Descenso"]
[Site "Aragon"]
[Date "2012.04.14"]
[Round "10.26"]
[White "Llanes Luno Pedro Alfredo"]
[Black "Valles Mata David"]
[Result "0-1"]
[WhiteElo "2148"]
[BlackElo "2184"]

1.e4 e6 2.d4 d5 3.Nc3 Bb4 4.e5 c5 5.a3 Bxc3+ 6.bxc3 Ne7 7.h4 Nbc6 8.a4 Qa5 9.
Bd2 Bd7 10.Nf3 Rc8 11.g4 Qc7 12.h5 Na5 13.h6 gxh6 14.Rxh6 cxd4 15.cxd4 Nc4 16.
Bxc4 Qxc4 17.c3 b5 18.Ng5 Qd3 19.Rh3 Qg6 20.Qb1 bxa4 21.Rf3 Qxb1+ 22.Rxb1 h5
23.Nxf7 hxg4 24.Nd6+ Kd8 25.Rf7 Rh1+ 26.Ke2 Rxb1 27.Bg5 Rxc3 28.Bxe7+ Kc7 29.
Rf8 Rb2+ 30.Kf1 a3 31.Ne8+ Kc6 0-1

[Event "Cto Equipos Aragón 2012 Div H. Descenso"]
[Site "Aragon"]
[Date "2012.04.14"]
[Round "10.27"]
[White "Solano Lasierra Javier"]
[Black "Roche Simon Manuel Angel"]
[Result "1-0"]
[WhiteElo "2172"]
[BlackElo "2134"]

1.d4 d5 2.c4 e6 3.Nc3 Nf6 4.cxd5 exd5 5.Bg5 c6 6.e3 Nbd7 7.Bd3 Be7 8.Qc2 O-O
9.Nge2 Re8 10.O-O g6 11.a3 a5 12.Ng3 Nf8 13.Bxf6 Bxf6 14.b4 Ne6 15.Na4 Qd6 16.
b5 Bd7 17.Nb6 Rad8 18.Nxd7 Rxd7 19.bxc6 bxc6 20.Qa4 Ra8 21.Rab1 c5 22.Bb5 Rc7
23.dxc5 Nxc5 24.Qd1 h5 25.Ne2 a4 26.Bc4 Rd7 27.Ba2 Kg7 28.Rb4 Be5 29.h3 Qa6
30.Bb1 Qf6 31.Bc2 Qc6 32.Nd4 Qa6 33.Qb1 Rb7 34.Qa2 Rd8 35.Rfb1 Rbd7 36.Rb6 Qc4
37.Qb2 Bxd4 38.exd4 Nd3 39.Bxd3 Qxd3 40.Qb4 Rc7 41.Qxa4 Rdc8 42.Qd1 Qxa3 43.
Qe2 Ra7 44.Qd2 Re8 45.Rf1 Re4 46.Qg5 Qa2 47.Rd6 Rxd4 48.Qf6+ 1-0

[Event "Cto Equipos Aragón 2012 Div H. Descenso"]
[Site "Aragon"]
[Date "2012.04.14"]
[Round "10.28"]
[White "Campo Millan Diego"]
[Black "Felez Casedas Carlos"]
[Result "1-0"]
[WhiteElo "2091"]
[BlackElo "2024"]

1.e4 d5 2.Nc3 Nf6 3.exd5 Nxd5 4.Bc4 c6 5.Nf3 Bg4 6.d4 e6 7.Bb3 Nxc3 8.bxc3 Qf6
9.Qd3 Bxf3 10.gxf3 Nd7 11.Bd2 O-O-O 12.Qe4 Ba3 13.Rg1 h6 14.Rb1 Nb6 15.Kf1 c5
16.Be3 c4 17.Bxc4 Qe7 18.Bb3 g5 19.f4 gxf4 20.Bxf4 Bd6 21.Bxd6 Qxd6 22.a4 Nd5
23.Qf3 Qxh2 24.c4 Qf4 25.Qh3 Nf6 26.Qe3 Qxd4 27.Qf3 Ne4 28.Qxf7 Nd2+ 29.Kg2
Qe4+ 30.Kh3 Nxb1 31.c5 Qf5+ 32.Qxf5 exf5 33.Rxb1 Rd2 34.Kg3 Kc7 35.Re1 h5 36.
f3 h4+ 37.Kh3 Rf2 38.Bd5 {Tiempo de negras} 1-0

[Event "Cto Equipos Aragón 2012 Div H. Descenso"]
[Site "Aragon"]
[Date "2012.04.14"]
[Round "10.29"]
[White "Romon Poves Raul"]
[Black "Valiente Roy Jose Javier"]
[Result "1-0"]
[WhiteElo "2296"]
[BlackElo "2005"]

1.e4 c6 2.d4 d5 3.Nc3 dxe4 4.Bc4 Nf6 5.f3 e6 6.Bf4 Bb4 7.Ne2 exf3 8.gxf3 Nd5
9.Qd2 Nxf4 10.Qxf4 Nd7 11.O-O-O Nb6 12.Bd3 Nd5 13.Nxd5 cxd5 14.Rdg1 Bf8 15.Qe5
Bd7 16.f4 Qb8 17.Qg5 Qd8 18.Qe5 Qb8 19.Qe3 g6 20.h4 h5 21.Bxg6 fxg6 22.Rxg6
Kd8 23.f5 e5 24.dxe5 Qc7 25.Qg5+ Kc8 26.Qf6 b6 27.Qxh8 Kb7 28.e6 Ba4 29.Qc3
Qd6 30.Qd4 Bb5 31.Nc3 Bc6 32.Re1 Qc5 33.Qxc5 Bxc5 34.f6 Bf2 35.Re2 Bxh4 36.
Rg7+ Ka6 37.f7 Be7 38.Rg8 h4 39.Rxa8 Bxa8 40.f8=Q 1-0

[Event "Cto Equipos Aragón 2012 Div H. Descenso"]
[Site "Aragon"]
[Date "2012.04.14"]
[Round "10.30"]
[White "Bach Guillamon Francisco"]
[Black "Carraminana Lopez Luis Antonio"]
[Result "1/2-1/2"]
[WhiteElo "1996"]
[BlackElo "2047"]

1.Nf3 d5 2.d4 Nf6 3.Bf4 e6 4.e3 Be7 5.Bd3 O-O 6.h3 c5 7.c3 Nc6 8.O-O Qb6 9.Qb3
c4 10.Qxb6 axb6 11.Bc2 b5 12.b4 Bd7 13.Nfd2 Nh5 14.Bh2 f5 15.Be5 Ra7 16.g4
fxg4 17.hxg4 Nf6 18.f3 Be8 19.Kg2 Nd7 20.f4 Bxb4 21.cxb4 Ndxe5 22.fxe5 Rxf1
23.Nxf1 Nxb4 24.Bd1 Rxa2+ 25.Rxa2 Nxa2 26.Nfd2 Bg6 27.Na3 b4 28.Naxc4 dxc4 29.
Nxc4 Kf8 30.Nd2 Ke7 31.Kf3 b5 32.e4 Nc3 33.Bb3 Bf7 34.Ke3 g5 35.Nf3 h6 36.Nd2
Kf8 37.Bc2 h5 38.Kf3 h4 39.Nb3 Na4 40.Nd2 Nb2 41.Kg2 Kg7 42.Bb3 Nd3 43.Nf3
1/2-1/2

[Event "Cto Equipos Aragón 2012 Div H. Descenso"]
[Site "Aragon"]
[Date "2012.04.14"]
[Round "10.31"]
[White "Gil Capape Marco Antonio"]
[Black "Munoz Suarez Luis Alberto"]
[Result "1/2-1/2"]
[WhiteElo "2059"]
[BlackElo "1994"]

1.d4 Nf6 2.Nf3 g6 3.c4 Bg7 4.Nc3 O-O 5.e4 d6 6.h3 e5 7.dxe5 dxe5 8.Qxd8 Rxd8
9.Bg5 Re8 10.O-O-O h6 11.Be3 c6 12.Be2 Nbd7 13.Rd2 Bf8 14.Rhd1 Nc5 15.Rd8 Be6
16.Rxa8 Rxa8 17.Nxe5 Ncxe4 18.Nxe4 Nxe4 19.Ng4 h5 20.Ne5 Bc5 21.Bxc5 Nxc5 22.
Rd4 a5 23.g4 Re8 24.Kd2 hxg4 25.hxg4 a4 26.Bd1 g5 27.b4 axb3 28.axb3 f6 29.Nd3
Nxd3 30.Kxd3 Kf7 31.Kc3 Rh8 32.f4 gxf4 33.Rxf4 Rh3+ 34.Kd4 Rg3 35.Kc5 Kg6 36.
Kb6 Kg5 37.Rd4 Bxg4 38.Bxg4 Rxg4 39.Rd8 Rg3 40.Kxb7 Rxb3+ 41.Kxc6 f5 42.Rf8 f4
43.c5 Kg4 44.Kd7 Rd3+ 45.Kc7 f3 46.c6 Kg3 47.Kb8 Rb3+ 48.Kc8 f2 49.Rxf2 Kxf2
50.c7 Kf3 51.Kd8 Rd3+ 52.Ke7 1/2-1/2

[Event "Cto Equipos Aragón 2012 Div H. Descenso"]
[Site "Aragon"]
[Date "2012.04.14"]
[Round "10.32"]
[White "Serrano San Nicolas Angel"]
[Black "Garcia Lopez Alberto Jose"]
[Result "1/2-1/2"]
[WhiteElo "1959"]
[BlackElo "1943"]

1.b3 Nf6 2.Bb2 d6 3.e3 g6 4.h4 Bg7 5.Qe2 O-O 6.Nc3 c5 7.f3 e5 8.g4 Nc6 9.h5 d5
10.Qh2 d4 11.Na4 Qe7 12.hxg6 fxg6 13.Bc4+ Kh8 14.O-O-O b6 15.Ne2 Be6 16.g5 Nh5
17.Ng3 Bxc4 18.Nxh5 Bg8 19.Nxg7 Qxg7 20.f4 Bd5 21.Rhf1 Qe7 22.c4 Be4 23.d3 Bf5
24.e4 Bd7 25.Kb1 Bg4 26.Rd2 exf4 27.Rg2 Qxg5 28.Bc1 Qh5 29.Qg1 Be2 30.Rxe2
Qxe2 31.Nb2 Nb4 32.Rf2 Qh5 33.Bxf4 Rf7 34.Be5+ Kg8 35.Rxf7 Kxf7 36.Qf1+ Kg8
37.Bd6 Nc6 38.a3 Qg5 39.Qh3 Qf6 40.Bc7 Ne5 41.Qg3 Re8 42.b4 Qe7 43.Bxe5 Qxe5
44.Qg4 Qe6 45.Qg5 Qe7 1/2-1/2

[Event "Cto Equipos Aragon 2012 Pref. Ascenso"]
[Site "Aragon"]
[Date "2012.04.14"]
[Round "10.33"]
[White "Salamero Pelay Fernando"]
[Black "Dominguez Bujeda Jesus"]
[Result "0-1"]
[WhiteElo "2123"]
[BlackElo "2127"]

1.e4 c5 2.Nf3 Nc6 3.Bb5 g6 4.Bxc6 dxc6 5.h3 Bg7 6.d3 Nf6 7.Nc3 Nd7 8.Be3 e5 9.
Qd2 h6 10.O-O Qe7 11.Nh2 Nf8 12.f4 exf4 13.Bxf4 Ne6 14.Bg3 Nd4 15.Rae1 O-O 16.
Qf2 Be6 17.e5 f5 18.exf6 Rxf6 19.Qd2 Rxf1+ 20.Nxf1 Rf8 21.Nh2 Qd7 22.Ne4 b6
23.c3 Nf5 24.Bf2 Nd6 25.a4 Nxe4 26.Rxe4 Bf5 27.Re3 Rd8 28.Qe1 Bf6 29.Nf3 Bxd3
30.Re6 Qf7 31.Bg3 Bc2 32.Qe3 Bf5 33.Rxc6 Kh7 34.Be5 Re8 35.Qf4 Bxe5 36.Nxe5
Qe7 37.Nf3 Rd8 38.Nh4 Bc2 39.Qg3 g5 40.Nf3 Qe3+ 41.Qf2 Rd1+ 0-1

[Event "Cto Equipos Aragon 2012 Pref. Ascenso"]
[Site "Aragon"]
[Date "2012.04.14"]
[Round "10.34"]
[White "Martin Catalan Juan Vicente"]
[Black "Gella Lopez Angel"]
[Result "1/2-1/2"]
[WhiteElo "2105"]
[BlackElo "2080"]

1.d4 Nf6 2.Nf3 c5 3.dxc5 e6 4.c4 Bxc5 5.Nc3 O-O 6.e3 d5 7.cxd5 exd5 8.Be2 Nc6
9.O-O Bf5 10.b3 Qd7 11.Bb2 Be7 12.Rc1 Rfd8 13.Nd4 Bg6 14.Nxc6 bxc6 15.Na4 Ne4
16.Bd3 Qe6 17.Qe2 Rac8 18.Rfd1 Bd6 19.f3 Nf6 20.Bxg6 hxg6 21.Bd4 Qe7 22.Nc5
Nh5 23.Rd2 Re8 24.Qd3 Nf6 25.Rc3 Nd7 26.Nxd7 Qxd7 27.Bc5 Bxc5 28.Rxc5 Qe7 29.
Qd4 Qxe3+ 30.Qxe3 Rxe3 31.Rdxd5 Re2 32.Rd6 Rxa2 33.Rcxc6 Rxc6 34.Rxc6 Rb2 35.
Ra6 Rxb3 36.Rxa7 1/2-1/2

[Event "Cto Equipos Aragon 2012 Pref. Ascenso"]
[Site "Aragon"]
[Date "2012.04.14"]
[Round "10.35"]
[White "Bellosta Lopez Pablo"]
[Black "Arpa Pardo Emilio"]
[Result "1-0"]
[WhiteElo "2042"]
[BlackElo "2047"]

1.e4 e5 2.Bc4 Nf6 3.d3 c6 4.Qe2 Be7 5.Nf3 O-O 6.Bb3 d6 7.Nbd2 Nbd7 8.Nc4 Nc5
9.Be3 Nxb3 10.axb3 b5 11.Nb6 Rb8 12.Nxc8 Rxc8 13.Rxa7 Ra8 14.Rxa8 Qxa8 15.O-O
Qa2 16.Bc1 Ra8 17.Ng5 h6 18.Nh3 g5 19.Kh1 Qa6 20.g3 Qc8 21.Kg2 Qg4 22.f3 Qh5
23.Nf2 Ra1 24.Ng4 Nxg4 25.fxg4 Qg6 26.Qf2 Bd8 27.Qd2 Bb6 28.Qc3 c5 29.b4 Qe6
30.bxc5 Bxc5 31.h3 b4 32.Qd2 d5 33.Qe2 d4 34.h4 f6 35.Qf3 Kg7 36.Qf5 Qxf5 37.
gxf5 Ra2 38.Kf3 Bf8 39.Kg4 Be7 40.Rf2 Ra1 41.Bd2 Ra2 42.hxg5 hxg5 43.Bc1 Ra1
44.Rf1 b3 45.cxb3 Bb4 46.Rd1 Kf7 47.Kf3 Rb1 48.Ke2 Kg7 49.Rh1 Ba5 50.Kd1 Bb4
51.Kc2 Ra1 52.Rd1 Ra8 53.Bd2 Rc8+ 54.Kb1 Bd6 55.Rc1 Rb8 56.b4 Bxb4 57.Bxb4
Rxb4 58.Rc7+ Kf8 59.Rc4 Rb7 60.b4 Ke7 61.Kb2 Kd6 62.Kb3 Rb8 63.Rc1 Kd7 64.Rh1
Rc8 65.Rh7+ Kc6 66.Rf7 Kb5 67.Rxf6 Rc3+ 68.Kb2 Rxd3 69.Re6 Kxb4 70.f6 Rf3 71.
Kc2 g4 72.Rxe5 Rxf6 73.Kd3 Rf3+ 74.Kxd4 Rxg3 75.Rg5 Rg1 76.Ke3 Rg3+ 77.Kf4
Rf3+ 78.Kxg4 Rf1 79.Rd5 Kc4 80.Rd2 Kc5 81.e5 Kc6 82.Kg5 Kc7 83.e6 Rf3 84.Kg6
Rf1 85.Rd4 Rf2 86.e7 Rg2+ 87.Kf7 Rf2+ 88.Ke8 Rc2 89.Rd7+ Kc8 90.Rd6 Rf2 91.
Rc6+ Kb7 92.Kd7 Re2 93.Rd6 1-0

[Event "Cto Equipos Aragon 2012 Pref. Ascenso"]
[Site "Aragon"]
[Date "2012.04.14"]
[Round "10.37"]
[White "Malo Guillen Jose Luis"]
[Black "Hinojar Basa Alfonso"]
[Result "1/2-1/2"]
[WhiteElo "2189"]
[BlackElo "2194"]

1.d4 e6 2.c4 Nf6 3.g3 Bb4+ 4.Bd2 Qe7 5.Bg2 O-O 6.Nf3 Bxd2+ 7.Nbxd2 d6 8.O-O e5
9.e4 b6 10.Qc2 Nc6 11.d5 Nb4 12.Qc3 a5 13.a3 Na6 14.b4 a4 15.Rfc1 Bd7 16.Ne1
Ng4 17.h3 Nh6 18.g4 g6 19.Qe3 Kg7 20.g5 Ng8 21.Nd3 f6 22.gxf6+ Nxf6 23.c5 bxc5
24.bxc5 Bb5 25.cxd6 cxd6 26.Nc4 Rac8 27.Nb6 Rb8 28.Rab1 Bxd3 29.Qxd3 Nc5 30.
Qe3 Nh5 31.Rb4 Nf4 32.Bf1 Rf7 33.Rcb1 Nb3 34.Rb2 Nd4 35.Qg3 Qc7 36.Rc4 Qa7 37.
Rcb4 Qc7 38.Rc4 1/2-1/2

[Event "Cto Equipos Aragon 2012 Pref. Ascenso"]
[Site "Aragon"]
[Date "2012.04.14"]
[Round "10.38"]
[White "Jario Garcia Ricardo"]
[Black "Alonso Blasco Jose Miguel"]
[Result "1-0"]
[WhiteElo "2128"]
[BlackElo "2119"]

1.e4 c6 2.d4 d5 3.e5 Bf5 4.Nc3 e6 5.g4 Bg6 6.Nge2 Bb4 7.h4 Be4 8.Rh3 h6 9.a3
Bxc3+ 10.Nxc3 Bh7 11.Be3 Qb6 12.Qd2 Qxb2 13.Rb1 Qxc2 14.Rxb7 Qxd2+ 15.Bxd2 Nd7
16.Na4 Bc2 17.Nb2 Ne7 18.h5 a5 19.Rc3 Bh7 20.Na4 f6 21.Rxd7 Kxd7 22.exf6 gxf6
23.Nb6+ Kd6 24.Nxa8 Rxa8 25.Rb3 Ng8 26.Rb7 Bc2 27.f4 Ne7 28.a4 e5 29.fxe5+
fxe5 30.dxe5+ Ke6 31.Bxh6 Rg8 32.Bh3 d4 33.Kd2 Bxa4 34.Bf4 Bb5 35.g5+ Nf5 36.
g6 a4 37.Rf7 a3 38.Bxf5+ Kd5 39.Ra7 Rf8 40.g7 Rxf5 41.g8=Q+ Ke4 42.Bg3 Rf1 43.
Rxa3 c5 44.Qa8+ Kf5 45.Qf8+ Kg5 46.Qxc5 1-0

[Event "Cto Equipos Aragon 2012 Pref. Ascenso"]
[Site "Aragon"]
[Date "2012.04.14"]
[Round "10.39"]
[White "Javierre Conesa Alfonso"]
[Black "Portero Garnica Miguel Angel"]
[Result "0-1"]
[WhiteElo "2045"]
[BlackElo "2115"]

1.d4 d5 2.c4 e6 3.Nf3 Nf6 4.Nc3 Be7 5.Bg5 O-O 6.e3 h6 7.Bh4 Ne4 8.Bxe7 Qxe7 9.
cxd5 Nxc3 10.bxc3 exd5 11.h3 Bf5 12.Bd3 Be4 13.Bxe4 dxe4 14.Ne5 Nd7 15.Nxd7
Qxd7 16.O-O Rfe8 17.Rb1 Rab8 18.c4 Re6 19.Qc2 c6 20.Rb3 f5 21.Rfb1 f4 22.exf4
Qxd4 23.Qc3 Qxc3 24.Rxc3 Rd6 25.Rcb3 Rd7 26.c5 Kf7 27.Kf1 Ke6 28.g4 g5 29.f5+
Ke5 30.Rb4 a5 31.Ra4 Rd3 32.Re1 Rxh3 33.Rexe4+ Kd5 34.Ke2 b5 35.Rad4+ Kxc5 36.
Rd7 Rf8 37.Re6 h5 38.f3 hxg4 39.fxg4 Rg3 40.Re4 b4 41.Kf2 Rh3 42.Kg2 Rfh8 43.
Rg7 Rh2+ 44.Kg1 Rh1+ 45.Kg2 Kd5 46.Ree7 R8h2+ 47.Kg3 Rxa2 48.Rxg5 Rg1+ 49.Kh3
Ra3+ 50.Kh2 Rf1 51.Kg2 Raf3 52.Ra7 R1f2+ 53.Kg1 b3 54.f6+ Kc4 55.Rgxa5 b2 56.
Rb7 Rxf6 57.Rf5 R2xf5 58.gxf5 Kc3 0-1

[Event "Cto Equipos Aragon 2012 Pref. Ascenso"]
[Site "Aragon"]
[Date "2012.04.14"]
[Round "10.40"]
[White "Ruiperez Gumiel Ramon"]
[Black "Mombiela De Sus Jose Luis"]
[Result "0-1"]
[WhiteElo "1947"]
[BlackElo "2034"]

1.d4 f5 2.h3 Nf6 3.g4 d5 4.Nc3 c5 5.Bg2 cxd4 6.Qxd4 Nc6 7.Qa4 d4 8.g5 Nd7 9.
Nd5 e6 10.Nf4 Nc5 11.Bxc6+ bxc6 12.Qxc6+ Bd7 13.Qg2 Ne4 14.Nf3 Bb4+ 15.Kf1 Rc8
16.Nd3 Bd6 17.Bf4 Qe7 18.Nfe5 Rxc2 19.g6 h6 20.f3 Nc5 21.Nf7 Bxf4 22.Nxf4 O-O
23.b4 e5 24.Nh5 Ne6 25.Rg1 Nf4 26.Nxf4 exf4 27.a4 d3 28.Nxh6+ gxh6 29.Re1 d2
30.Rd1 Rc1 0-1

[Event "Cto Equipos Aragon 2012 Pref. Descenso"]
[Site "Aragon"]
[Date "2012.04.14"]
[Round "10.41"]
[White "Planas Torrea Francisco Javier"]
[Black "Garcia Andres Daniel"]
[Result "1-0"]
[WhiteElo "2007"]
[BlackElo "2008"]

1.Nf3 d5 2.g3 Nf6 3.Bg2 g6 4.d4 Bg7 5.O-O O-O 6.c3 Nbd7 7.Re1 Re8 8.Nbd2 e5 9.
dxe5 Nxe5 10.Nxe5 Rxe5 11.Nf3 Re8 12.Bg5 c6 13.Qb3 Qd6 14.Rad1 Ne4 15.Bf4 Qf6
16.Be3 g5 17.Nd2 Nd6 18.Bd4 Qh6 19.Bxg7 Kxg7 20.Qb4 a5 21.Qa4 b5 22.Qd4+ Qf6
23.Qc5 Bb7 24.e4 Re5 25.exd5 cxd5 26.Rxe5 Qxe5 27.Nf3 Qf6 28.Nxg5 Nc4 29.Qxb5
Ba6 30.Qxd5 Nxb2 31.Ne4 Qe7 32.Qxa8 Bb7 33.Qa7 Nxd1 34.Qd4+ f6 35.Qxd1 Bxe4
36.Qe1 f5 37.f3 Qc5+ 38.Qf2 Qxf2+ 39.Kxf2 Bd5 40.a3 Kf6 41.f4 Bb3 42.Ke3 Ke6
43.Kd4 Kd6 44.c4 Bc2 45.c5+ Kc7 46.Ke5 a4 47.h4 h5 48.Bh3 Kc6 49.Bxf5 Bb3 50.
Kd4 Bf7 51.Be4+ Kb5 52.f5 Be8 53.f6 1-0

[Event "Cto Equipos Aragon 2012 Pref. Descenso"]
[Site "Aragon"]
[Date "2012.04.14"]
[Round "10.42"]
[White "Calvo Mayayo Jose Maria"]
[Black "Larios Villa Francisco Javier"]
[Result "1-0"]
[WhiteElo "1931"]
[BlackElo "1941"]

1.c4 Nf6 2.g3 c6 3.Bg2 d5 4.Nf3 Nbd7 5.cxd5 cxd5 6.d4 e6 7.O-O Bd6 8.Nc3 a6 9.
Bf4 Bxf4 10.gxf4 b5 11.Ne5 Bb7 12.Rc1 Rc8 13.Qd3 Qb6 14.e4 dxe4 15.Nxe4 O-O
16.Nxd7 Nxd7 17.Nc5 Bxg2 18.Nxd7 Bxf1 19.Rxc8 Rxc8 20.Nxb6 Bxd3 21.Nxc8 Kf8
22.f3 f5 23.Kf2 Ke8 24.Nd6+ Ke7 25.Nb7 b4 26.Nc5 Bb5 27.Ke3 Kd6 28.Nb3 Kd5 29.
Na5 Bc4 30.b3 Bb5 31.Nb7 Bd7 32.h4 Be8 33.Nc5 Bb5 34.Kd2 Be8 35.Nxa6 Kxd4 36.
Nxb4 Bb5 37.Nc2+ Kc5 38.Ke3 Be8 39.Nd4 Bd7 40.Kd3 Kb4 41.Nc2+ Kc5 42.b4+ Kd5
43.Ne3+ Kd6 44.Kd4 Bc6 45.Nc4+ Ke7 46.Kc5 Bxf3 47.a4 h6 48.Ne5 Bd5 49.a5 Kf6
50.b5 g5 51.hxg5+ hxg5 52.Nd3 g4 53.a6 g3 54.Ne1 g2 55.Nxg2 Bxg2 56.b6 e5 57.
b7 1-0

[Event "Cto Equipos Aragon 2012 Pref. Descenso"]
[Site "Aragon"]
[Date "2012.04.14"]
[Round "10.43"]
[White "Planas Torrea Alberto"]
[Black "Lafarga Bueno Daniel"]
[Result "1/2-1/2"]
[WhiteElo "1920"]
[BlackElo "1851"]

1.e4 e5 2.Nf3 Nc6 3.d4 exd4 4.Bc4 Nf6 5.O-O Nxe4 6.Re1 d5 7.Bxd5 Qxd5 8.Nc3
Qd8 9.Nxe4 Be7 10.Bg5 O-O 11.Bxe7 Qxe7 12.Nxd4 Nxd4 13.Qxd4 b6 14.Re3 Be6 15.
Rae1 Rad8 16.Qc3 c5 17.f4 h6 18.g4 Qh4 19.Rh3 Qe7 20.f5 Bc8 21.Rxh6 Qd7 22.Rd6
Qa4 23.b3 Qb4 24.Qxb4 cxb4 25.Red1 Rde8 26.R6d4 Ba6 27.R1d2 Re5 28.Rxb4 Rfe8
29.Ng3 Re1+ 30.Kf2 Bc8 31.Rbd4 Ra1 32.Rd8 Kf8 33.Rxe8+ Kxe8 34.a4 Bb7 35.Nh5
Rh1 36.Kg3 Rg1+ 37.Kh3 1/2-1/2

[Event "Cto Equipos Aragon 2012 Pref.Descenso"]
[Site "Aragon"]
[Date "2012.04.14"]
[Round "10.44"]
[White "Chueca Lorente Javier"]
[Black "Marcellan Peire Jesus Eduardo"]
[Result "1/2-1/2"]
[WhiteElo "1635"]
[BlackElo "1865"]

1.e4 c5 2.Nf3 Nc6 3.d4 cxd4 4.Nxd4 Nf6 5.Nc3 d6 6.f3 a6 7.Be3 e6 8.Qd2 Qc7 9.
g4 Nxd4 10.Bxd4 e5 11.Be3 b5 12.g5 Nd7 13.Nd5 Qd8 14.Qc3 Rb8 15.Nc7+ Ke7 16.
Nd5+ Ke8 17.Nc7+ Ke7 18.Nd5+ Ke8 1/2-1/2

[Event "Cto Equipos Aragon 2012 Pref. Descenso"]
[Site "Aragon"]
[Date "2012.04.14"]
[Round "10.46"]
[White "Alonso Fdez-Revuelta Rodrigo"]
[Black "Ferrer Echavarri Fco Javier"]
[Result "1/2-1/2"]
[WhiteElo "2021"]
[BlackElo "1948"]

1.e4 c6 2.d3 d5 3.Nd2 e5 4.Ngf3 Bd6 5.d4 exd4 6.Nxd4 Nf6 7.exd5 Nxd5 8.Bc4
Qe7+ 9.Qe2 Qxe2+ 10.Bxe2 O-O 11.O-O Re8 12.Bf3 Nf6 13.Nc4 Bc7 14.Bg5 Bg4 15.
Bxf6 Bxf3 16.Nxf3 gxf6 17.Rfe1 1/2-1/2

[Event "Cto Equipos Aragon 2012 Pref. Descenso"]
[Site "Aragon"]
[Date "2012.04.14"]
[Round "10.47"]
[White "Sanz Lopez Ruben"]
[Black "Buil Montanes Carlos"]
[Result "1-0"]
[WhiteElo "1945"]
[BlackElo "1924"]

1.d4 d5 2.Nf3 Nf6 3.e3 Bg4 4.h3 Bh5 5.g4 Bg6 6.Ne5 Nfd7 7.Nxg6 hxg6 8.c4 c6 9.
Nc3 e6 10.Qf3 Be7 11.Bd3 dxc4 12.Bxc4 Nf6 13.Bd2 Nbd7 14.O-O-O Rc8 15.Kb1 b5
16.Bb3 a5 17.a3 Nb6 18.e4 Nc4 19.Bf4 O-O 20.h4 Nh7 21.g5 Bd6 22.Bc1 f6 23.Qh3
Qe8 24.Rde1 e5 25.d5 Kh8 26.Rd1 b4 27.Bxc4 bxc3 28.Qd3 cxd5 29.Qxd5 Qa4 30.b3
Rb8 31.Ka2 1-0